Регионална библиотека "Любен Каравелов" - Русе

Към себе си (Запис номер 334315)

MARC детайли
000 -Лидер
Контролно поле с фиксирана дължина 01463nam a2200325 a 4500
003 - Код на организацията, давaща контролен номер
Контролно поле BLK
005 - Дата и час на последна редакция
Контролно поле 20241121125404.0
008 - Елементи от данни с фиксирана дължина
fixed length control field 181206b bu ||||| |||| 00| 0 bu d
020 ## - Международен стандартен номер на книга ISBN
Международен стандартен номер на книга ISBN 9789542984993
040 ## - Източник на каталожния запис
Идентификатор на билиотеката - собственик на записа BLK
041 ## - Код за език
Код за езика на текст/звукозапис или на отделно заглавие Български
Код за езика КДБФ Български
080 ## - УДК
Текстов определител УДК Латинска (римска) литература
УДК код - определител по УДК 821.124
УДК определител -94
УДК - код + определител 821.124-94
100 ## - Редна дума - Автор
Автор Марк Аврелий, римски император
Авторска отговорност първи автор
R(LIN) 321420
139 ## - Редно поле
Редна дума Марк Аврелий
Авторски знак Авр - А 20
240 ## - Унифицирано заглавие
Унифицирано заглавие Thoughts of Marcus Aurelius
245 ## - Сведения за заглавието
Заглавие Към себе си
260 ## - Област на издателските данни
9 (RLIN) 212075
Място на издаване, разпространение и проч. София
Име на издателя, разпространителя и проч. Хеликон
Година на издаване 2019
Печатница Мултипринт ЕООД
300 ## - Физическа характеристика
Страници 248 с.
Размери/Мащаб 22 см
380 ## - Жанр
Жанр Худож. лит.
500 ## - Общи забележки
Забележка Прев. по: Thoughts of Marcus Aurelius, установено от доп. източник<br/>Кратка биография на Марк Аврелий Антонин / Джордж Лонг: с. 9-21<br/>Философията на Марк Аврелий Антонин / Джордж Лонг: с. 163-187
650 #7 - Допълнително описание по предмет – тема
9 (RLIN) 160145
Основно описание – тема или топоним Латинска литература
653 #7 - Ключова дума – ненормативна
9 (RLIN) 190534
Ключова дума Марк Аврелий
653 #7 - Ключова дума – ненормативна
9 (RLIN) 191130
Ключова дума мисли
700 ## - Други автори (авторска отговорност)
9 (RLIN) 966
Лично име Лонг, Джордж
Автороска отговорност (Описва отношението между автора и произведението) прев.
700 ## - Други автори (авторска отговорност)
9 (RLIN) 1311
Лично име Гин, Едуин
Автороска отговорност (Описва отношението между автора и произведението) ред.
700 ## - Други автори (авторска отговорност)
Лично име Желева, Силвия Вангелова
9 (RLIN) 325826
852 ## - Местоположение
Фондова буква Заемна - подръчен фонд
Систематично-азбучна сигнатура П 871-9/М 32
999 ## - СИСТЕМНИ КОНТРОЛНИ НОМЕРА
Koha biblionumber 334315
Koha biblioitemnumber 334315
942 ## - АРТИКУЛИ
Вид на библиотечния материал Книги
Скрит в OPAC Не
Периодичен библиозапис Да
Koha issues (borrowed), all copies 15
944 ## - СЪЗДАВАНЕ И РЕДАКЦИЯ на ЗАПИСА
Служител, извършил регистрацията/редакцията 30531
Статус, дата на статуса Цветелина Шанова
Наличности
Код за отписване Код за изгубен артикул Източник на класификационната схема Код за повреда Код за отдаване Артикулен № Име на библиотеката - собственик Име на библиотеката, в която се намира в момента Статус (Текущо местоположение) Дата на вписване в системата Местоположение - отдел Цена в лева Систематично азбучна сигнатура Баркод Цена в евро Служебен тип на артикула
  Не е изгубен Universal Decimal Classification Не е повреден заемане за дома 737242 Регионална библиотека "Любен Каравелов" Русе Регионална библиотека "Любен Каравелов" Русе Заемна - подръчен фонд 2019-09-09 Заемна - подръчен фонд 6.71 П 821-9/М 32 120000836058 3.43 Книги
Vip Innovations Ltd, Rousse, Bulgaria 2025